| 000 | 00347nam a2200133Ia 4500 | ||
|---|---|---|---|
| 005 | 20260326100030.0 | ||
| 008 | 260326s9999||||xx |||||||||||||| ||und|| | ||
| 100 | _aAsensio Cerver, Francisco | ||
| 245 | 0 |
_aCasas del Mundo / _cFrancisco Asensio Cerver |
|
| 260 | _bKönemann | ||
| 300 | _a999 p. | ||
| 650 | _aARQUITECTURA RESIDENCIAL | ||
| 942 | _cBK | ||
| 999 |
_c6558 _d6558 |
||